000 00780nam a2200265Ia 4500
003 OSt
005 20220928121852.0
006 a|||||r|||| 00| 0
007 ta
008 220927b |||||||| |||| 00| 0 hin d
020 _c795
024 _a111180
037 _b411, 01/02/2011, Vidyanidhi Prakashan
_cTextual
040 _aSDCL
_cSDCL
_bhin
041 _2hin
_ahin
082 _aQ233:2395,3, P9
100 _aMishra Sulochna
_9454585
245 0 _aUtpaldev ke siddhitrayi ki sameeksha.
250 _a2
260 _aNew Delhi
_bAbhivyakati Prakashan
_c2009
300 _axiii,442p.
_ccm.
650 _aSanskrit
_9391587
942 _hQ233:2395,3, P9
_cTEXL
_2CC
999 _c768313
_d768313